LEADER 00853nam0 2200277 450 001 000007417 005 20070109131021.0 010 $a88-14-10078-0 100 $a20070109d2002----km-y0itay50------ba 101 0 $aita 102 $aIT 105 $ay-------001yy 200 1 $a<>gestione strategica dei musei$fCecilia Chirieleison 210 $aMilano$cGiuffrè$dc2002 215 $aXXII, 485 p.$d24 cm 225 2 $aCollana di studi economico-aziendali E. Giannessi N.S.$v52 410 0$12001 610 1 $aMusei$aGestione$aAspetti economici 610 1 $aMusei$aOrganizzazione 676 $a069.068$v20 700 1$aChirieleison,$bCecilia$0284433 801 0$aIT$bUNIPARTHENOPE$c20070109$gRICA$2UNIMARC 912 $a000007417 951 $a069-G/1$b38984$cNAVA1$d2007 996 $aGestione strategica dei musei$91205577 997 $aUNIPARTHENOPE